| 000 | 00646nam a2200193Ia 4500 | ||
|---|---|---|---|
| 003 | GCL | ||
| 008 | 140319s9999 xx 000 0 ara d | ||
| 040 |
_aGCL / _cGCL |
||
| 082 | 0 | 4 |
_aد _b050 |
| 100 | 1 | _aمحمد رجب النجار | |
| 245 | 1 | 0 |
_aجحا العربى: شخصيته وفلسفته في الحياة والتعبير (عالم المعرفة 10) / _cمحمد رجب النجار |
| 300 | _a317 ص | ||
| 490 |
_aعالم المعرفة _v0 |
||
| 650 | 0 | 4 | _aالادب الشعبى |
| 650 | 0 | 4 | _aالقصص الشعبية |
| 650 | 0 | 4 | _aالادب الشعبى - العالم العربى |
| 650 | 0 | 4 | _aجحا |
| 942 |
_2ddc _cBK |
||
| 999 |
_c50254 _d50254 |
||